000 00430nam a2200181Ia 4500
003 LK-CoDNM
005 20240123110013.0
008 010623t1945 xxu||||| |||| 00| 1 sin d
040 _aLK-CoDNM
_dLK-CoDNM
_eLK-CoDNM
041 _asin
080 _a104
_bL 9
100 _aWijaya Sri,Jayanta
245 _aසී දේවී
246 _aSri Devi
260 _bLoko
_aColombo
_c1945
300 _b16p, 21 cm
942 _cBK
999 _c100679
_d100679